| 000 | 00977nam a2200265Ia 4500 | ||
|---|---|---|---|
| 003 | OSt | ||
| 005 | 20220918110908.0 | ||
| 006 | a|||||r|||| 00| 0 | ||
| 007 | ta | ||
| 008 | 220915b |||||||| |||| 00| 0 hin d | ||
| 020 |
_a9788185244426 (hbk) _c400 |
||
| 024 | _a270699 | ||
| 037 |
_b307, 16/11/2011, Eastern Book Linkers _cReference Collections |
||
| 040 |
_aARTS _cARTS _bhin |
||
| 041 |
_2hin _ahin |
||
| 082 | _aP152,4:4k, Q1(RR) | ||
| 100 | _aतिवारी, भोलानाथ | ||
| 245 | 0 | _aहिन्दी मुहावरा कोश | |
| 246 | _aHindī muhāvarā kosha | ||
| 260 |
_aनई दिल्ली _bहिन्दी बुक सेंटर भारत _c2011 |
||
| 300 | _a535पृ0 | ||
| 650 |
_aहिन्दी भाषा _9232 |
||
| 942 |
_hP152,4:4k, Q1(RR) _cREF |
||
| 999 |
_c115582 _d115582 |
||